Similarities and differences between British and American English in serious press and in tabloids bakalárska práca
Saved in:
| Main Author: | |
|---|---|
| Corporate Author: | |
| Other Authors: | |
| Format: | Book |
| Language: | English |
| Published: |
Bratislava
2024
|
| Tags: |
No Tags, Be the first to tag this record!
|
MARC
| LEADER | 00000nbm a2200000 4500 | ||
|---|---|---|---|
| 001 | 0300590 | ||
| 005 | 20250327122536.8 | ||
| 041 | 0 | |a eng | |
| 044 | |a SK | ||
| 245 | 1 | 0 | |a Similarities and differences between British and American English in serious press and in tabloids |b bakalárska práca |c Nikoleta Liptáková ; školiteľ: Alexandra Mandáková |
| 264 | 1 | |a Bratislava |c 2024 | |
| 300 | |a 62 s. | ||
| 100 | 1 | |a Liptáková, Nikoleta | |
| 700 | 1 | |a Mandáková, Alexandra, 1980- | |
| 710 | 2 | |a Fakulta aplikovaných jazykov EU v Bratislave. Katedra interkultúrnej komunikácie | |